Culture Générale - Série 328 - Statistiques

Statistiques générales
  • Ce quiz a été pris 220 fois
  • Le résultat moyen est 6 sur 10
Statistiques - réponses
Question Réponse % Correct
Dans quelle catégorie de saut Carl Lewis excellait-il ? Le saut en longueur
81%
Quel est le premier club français à avoir remporté la Ligue des Champions ? L'olympique de Marseille
81%
Quel héros mythologique romain a nettoyé les écuries d'Augias ? Hercule
78%
Quel légume porte le nom de chicon en Belgique ? L'endive
78%
Où ont été signés les accords mettant fin à la guerre d'Algérie ? Evian
71%
Quel commissaire Jean Richard a-t-il incarné à la télévision ? Maigret
70%
De quel Etat des Etats-Unis George W. Bush fut-il gouverneur de 1995 à 2000 ? Le Texas
61%
A quel domaine est consacré le Salon du Bourget ? L'aéronautique
48%
Quelles sont les deux cartes d'atout pour annoncer belote et rebelote ? La dame et le roi
42%
Quel adjectif qualifie quelqu'un qui n'aime pas la compagnie des gens ? Misanthrope
40%
Aucun quiz correspondant
Distribution des résultats
% des personnes avec chaque résultat
Percentile par nombre de réponses
Votre historique - résultats
Vous n’avez pas pris ce quiz